|
|
|
|
| LEADER |
01231nam a2200277 a 4500 |
| 001 |
5182 |
| 003 |
BD-DhAAL |
| 008 |
090506s1991 nju b 001 0 eng d |
| 999 |
|
|
|c 436
|d 436
|
| 010 |
|
|
|a 90013993
|
| 020 |
|
|
|a 0877782318
|
| 040 |
|
|
|a DLC
|c DLC
|d DLC
|d BD-DhAAL
|
| 082 |
0 |
0 |
|a 621.38
|2 20
|
| 100 |
1 |
|
|a Gropper, George Leonard.
|9 42009
|
| 245 |
1 |
0 |
|a Text displays :
|b analysis and systematic design /
|c George L. Gropper.
|
| 260 |
|
|
|a Englewood Cliffs, N.J. :
|b Educational Technology Publications,
|c c1991.
|
| 300 |
|
|
|a xi, 393 pages ;
|c 29 cm.
|
| 504 |
|
|
|a Includes bibliographical references (pages 367-368) and index.
|
| 541 |
1 |
|
|e 5182, 5183
|
| 650 |
|
0 |
|a Information display systems
|x Formatting.
|9 42010
|
| 650 |
|
0 |
|a Television display systems
|x Formatting.
|9 42011
|
| 650 |
|
0 |
|a Text processing (Computer science)
|9 42012
|
| 852 |
|
|
|a Ayesha Abed Library
|c General Stacks
|
| 942 |
|
|
|2 ddc
|c BK
|
| 952 |
|
|
|0 0
|1 0
|2 ddc
|4 0
|6 621_380000000000000_GRO_1991
|7 0
|9 9151
|a BRACUL
|b BRACUL
|c GEN
|d 2010-04-11
|g 4394.50
|l 0
|o 621.38 GRO
|p 3010005182
|r 2010-04-11
|t 1
|w 2010-04-11
|y BK
|
| 952 |
|
|
|0 0
|1 0
|2 ddc
|4 0
|6 621_380000000000000_GRO_1991
|7 0
|9 10646
|a BRACUL
|b BRACUL
|c GEN
|d 2010-06-03
|g 4394.50
|l 0
|o 621.38 GRO
|p 3010005183
|r 2010-06-03
|t 2
|w 2010-06-03
|y BK
|